| 000 | 00495cam a2200205ua 4500 | ||
|---|---|---|---|
| 001 | 4010 | ||
| 005 | 20260515113753.0 | ||
| 008 | 111213n ii |||gr||||Z||||||asm | ||
| 020 | _a81-85905-87-8 | ||
| 040 | _cMAIN | ||
| 082 | _a891.4511 | ||
| 100 | 1 | _aNarah, Jiban, | |
| 245 | 1 | 1 |
_aO` mur dhunia kapou ful _cby Jiban Narah |
| 250 | _a1st. | ||
| 260 |
_aGuwahati: _bStudents stores,994. |
||
| 300 | _a56p:5cm. | ||
| 653 | _aAssamese poem | ||
| 653 | _aO` mur dhunia kapou ful | ||
| 942 | _cBK | ||
| 999 |
_c3830 _d3830 |
||